| 000 | 00484nam a2200169Ia 4500 | ||
|---|---|---|---|
| 008 | 230718s9999 xx 000 0 und d | ||
| 020 | _a849353564 | ||
| 041 | _aeng | ||
| 082 |
_a005.806 _bPEL |
||
| 100 |
_aPeltier T.R. _9192638 |
||
| 245 | _aComplete Guide To CISM Certification | ||
| 260 |
_c2007 _bCRC Press |
||
| 300 |
_a454 _dRef 130 IT ( 64341 ) |
||
| 365 |
_cRs. _b9805.49 |
||
| 700 | _aPeltier T.R. & Peltier J. | ||
| 906 |
_dO:0771416-Dec-2022B:12912-Dec-2022 _cMC _b2451.37 |
||
| 999 |
_c353132 _d353132 |
||